| 000 | 00000nam##2200000za#4500 |
| 001 | 9.689704 |
| 003 | CaOODSP |
| 005 | 20210624232021 |
| 007 | cr ||||||||||| |
| 008 | 150407|2007||||xxc|||||o f|0| 0 eng|d |
| 020 | |a978-0-662-45860-9 |
| 040 | |aCaOODSP|beng |
| 043 | |an-cn--- |
| 086 | 1 |aR63-277/2007E-PDF |
| 110 | 2 |aParks Canada. |
| 245 | 10|aYoho National Park backcountry guide |h[electronic resource] |
| 260 | |aVictoria - British Columbia : |bParks Canada |c[2007]. |
| 300 | |a2p.|bmap |
| 500 | |aThe catalogue number (R63-277/2007E) and ISBN (78-0-662-45859-3) for the print edition have been incorrectly copied in this electronic publication. |
| 590 | |a14-16-Supp|b2014-09-25 |
| 690 | 07|aNational parks|2gcpds |
| 775 | 08|tGuide du visiteur de l'arrière-pays - Parc national Yoho |w(CaOODSP)9.634102 |
| 856 | 40|ahttp://publications.gc.ca|qPDF|s404 KB|uhttps://publications.gc.ca/collections/collection_2014/pc/R63-277-2007-eng.pdf |